| 000 | 00801nam a22002657a 4500 | ||
|---|---|---|---|
| 001 | 6465 | ||
| 003 | FISKH | ||
| 005 | 20250506094411.0 | ||
| 008 | 250506b cb ||||| |||| 00| 0 eng d | ||
| 020 | _a9780756652012 | ||
| 040 |
_aFISKH _beng _cFISKH _dFISKH |
||
| 050 | _aPN1995.S695 S36 | ||
| 082 | _a428.6 | ||
| 100 | _aScott, Heather | ||
| 245 |
_aStar wars clone wars : _bForces of darkness / _cHeather Scott |
||
| 260 |
_aNew York : _bDK Publishing, _c2009. |
||
| 300 |
_a48 pages : _bcolor illustrations ; _c23 cm |
||
| 505 | _aP | ||
| 520 | _aDescribes the various evil forces that battle the Jedi during the Star Wars Clone Wars. | ||
| 521 | 8 |
_a640
_bLexile estimate |
|
| 521 | 8 |
_aP
_bRaz-Plus |
|
| 650 |
_aClone Wars _vAdventure |
||
| 942 |
_2ddc _cBK _n0 |
||
| 999 |
_c6465 _d6465 |
||